Diana en la tierra wayuu (Registro nro. 15528)

000 -CABECERA
campo de control de longitud fija 01154nam a22002177a 4500
003 - IDENTIFICADOR DEL NÚMERO DE CONTROL
campo de control OSt
005 - FECHA Y HORA DE LA ÚLTIMA TRANSACCIÓN
campo de control 20240528155347.0
008 - DATOS DE LONGITUD FIJA--INFORMACIÓN GENERAL
campo de control de longitud fija 240528b ||||| |||| 00| 0 spa d
020 ## - NÚMERO INTERNACIONAL ESTÁNDAR DEL LIBRO
Número Internacional Estándar del Libro 9789800123133
040 ## - FUENTE DE LA CATALOGACIÓN
Centro/agencia transcriptor CO-Mq BPB
041 ## - CÓDIGO DE LENGUA
Código de lengua del texto/banda sonora o título independiente spa
082 ## - NÚMERO DE LA CLASIFICACIÓN DECIMAL DEWEY
Número de clasificación JN
Número de documento/Ítem ANTd
100 ## - ENTRADA PRINCIPAL--NOMBRE DE PERSONA
Nombre de persona Antillano, Laura
Término indicativo de función/relación autor
245 ## - MENCIÓN DE TÍTULO
Título Diana en la tierra wayuu
264 ## - PRODUCCIÓN, PUBLICACIÓN, DISTRIBUCIÓN, FABRICACIÓN Y COPYRIGHT
Producción, publicación, distribución, fabricación y copyright Caracas - Venezuela
Nombre del de productor, editor, distribuidor, fabricante Monte Ávila Editores Latinoamericana
Fecha de producción, publicación, distribución, fabricación o copyright 2022
300 ## - DESCRIPCIÓN FÍSICA
Extensión 108 páginas
Otras características físicas Tapa rustica
Dimensiones 22 cm
521 ## - NOTA DE PÚBLICO DESTINATARIO
Nota de público destinatario Diana ha comenzado un nuevo curso escolar. Inseparable de su gato Tadeo, adora las historias que le cuenta su abuelo Javier, sobre todo las hazañas de los piratas que asolaron a la ciudad de Maracaibo. Aunque la incrédula maestra —la Srta. Riñones— intentará persuadirla de que las historias del abuelo son solo fantasías infundadas, nuestra protagonista no descansará hasta demostrarle que Henry Morgan escondió un gran tesoro en esas tierras. En compañía de su amigo Juyá, Diana viajará a la tierra de los wayuu, en donde vivirá la más increíble de todas las aventuras.
650 ## - PUNTO DE ACCESO ADICIONAL DE MATERIA--TÉRMINO DE MATERIA
Término de materia o nombre geográfico como elemento de entrada Narrativa
650 ## - PUNTO DE ACCESO ADICIONAL DE MATERIA--TÉRMINO DE MATERIA
Término de materia o nombre geográfico como elemento de entrada Literatura
942 ## - ELEMENTOS DE PUNTO DE ACCESO ADICIONAL (KOHA)
Fuente del sistema de clasificación o colocación
Tipo de ítem Koha Libro Literatura
Existencias
Estado de retiro Estado de pérdida Fuente del sistema de clasificación o colocación Estado dañado No para préstamo Código de colección Localización permanente Ubicación/localización actual Ubicación en estantería Fecha de adquisición Fuente de adquisición Número de inventario Total de préstamos Signatura topográfica completa Código de barras Fecha visto por última vez Número de copia Precio válido a partir de Tipo de ítem Koha Nota pública
          Literatura Juvenil Biblioteca Pública San Juan Bosco Biblioteca Pública San Juan Bosco Literatura 28/05/2024 Donación Feria del libro 2024 NT   JN ANTd MOS503714 28/05/2024 Ej.1 28/05/2024 Libro Literatura Quince dias

© Todos los derechos reservados para la Biblioteca Pública Municipal San Juan Bosco, 2020
Secretaria de Cultura de Mosquera
Carrera 3 N° 10 Esquina Centro Cultural Barrio El Carmén Teléfono: 8270830 Ext: 34
Funcionando con KOHA
Contacto: Biblioteca Pública Municipal San Juan Bosco/ bibliotecasanjuanbosco@mosquera-cundinamarca.gov.co
Mosquera, Cundinamarca